000 00891nmm a2200265 a 4500
001 ocm0002347315
003 TR-IsHL
005 20201028184556.0
008 190511s2019 tu eng
007 cr cn
020 _a9786057876577
035 _a2347315
_b(N$T)
050 0 4 _aPZ8.J19
_bE87 2019
090 0 4 _aPZ8.J19
_bE87 2019
100 1 _aJacobs, Joseph
245 1 0 _aEuropa's Fairy book
_h[electronic resource] /
_cJoseph Jacobs
260 _aİstanbul :
_be-Kitap Projesi & Cheapest Books,
_c2019
300 _a243 p.
650 4 _aDil ve Edebiyat
650 4 _aLanguage and Literature
650 0 _aResimli çocuk hikaye kitapları
650 0 _aIllustrated children's story books
650 7 _aJUVENILE FICTION / Fairy Tales & Folklore / General
_2bisacsh
856 4 0 _uhttp://search.ebscohost.com/login.aspx?direct=true&scope=site&db=e011xww&AN=2347315
999 _c21063
_d21063